बिहार: (Record no. 211147)
[ view plain ]
| 000 -LEADER | |
|---|---|
| fixed length control field | 01168nam a22001817a 4500 |
| 010 ## - LCCN (DPL NO) | |
| LC control number | HIN-129722 |
| 020 ## - INTERNATIONAL STANDARD BOOK NUMBER | |
| International Standard Book Number | 9789355327994 |
| Terms of availability | 288.00 |
| 035 ## - SYSTEM CONTROL NUMBER | |
| System control number | HN-102068 |
| 037 ## - SOURCE OF ACQUISITION | |
| Source of stock number/acquisition | DBAD |
| 082 ## - DEWEY DECIMAL CLASSIFICATION NUMBER | |
| Edition number | द्वितीय |
| Classification number | 954.53 |
| 100 ## - MAIN ENTRY--PERSONAL NAME | |
| Personal name | संजय सिंह |
| 245 ## - TITLE STATEMENT | |
| Title | बिहार: |
| Remainder of title | एक समग्र अध्ययन/ |
| Statement of responsibility, etc | संजय सिंह |
| 260 ## - PUBLICATION, DISTRIBUTION, ETC. (IMPRINT) | |
| Place of publication, distribution, etc | चेन्नई |
| Name of publisher, distributor, etc | एम. सी. ग्रा हिल एजुकेशन(इंडिया) प्राइवेट लिमिटेड |
| Date of publication, distribution, etc | 2025 |
| 270 ## - ADDRESS | |
| Address | अंजना कॉम्प्लेक्स नं: 5/ 90 ए, बट रोड, सेंट थॉमस माउंट , |
| City | चेन्नई |
| Postal code | 600016 |
| 300 ## - PHYSICAL DESCRIPTION | |
| Extent | 437पृ. |
| Dimensions | 24 सेमी.(अजिल्द) |
| 500 ## - GENERAL NOTE | |
| General note | बिहार लोक सेवा आयोग (BPSC) एवं बिहार की अन्य राज्य स्तरीय परीक्षाओ के नवीनतम पाठ्यक्रम पर आधारित एक समग्र मार्गदर्शिका |
| 942 ## - ADDED ENTRY ELEMENTS (KOHA) | |
| Source of classification or shelving scheme | Dewey Decimal Classification |
| Item type | Hindi Books |
| Classification part | 954.53 |
| Call number suffix | संजय |
| Withdrawn status | Lost status | Not for loan | Collection code | Home library | Current library | Date acquired | Source of acquisition | Cost, normal purchase price | Full call number | Barcode | Copy number | Cost, replacement price | Koha item type |
|---|---|---|---|---|---|---|---|---|---|---|---|---|---|
| Not For Loan | Non-fiction | D.B.Act.Division | D.B.Act.Division | 05/05/2025 | DBAD | 288.00 | 954.53 संजय | HN-102068 | 1 | 288.00 | Hindi Books |
